Economic imperialism in China : silk production and exports, 1861-1932 /

Bibliographic Details
Main Author: Eng, Robert Y. (Robert Yeok-Yin)
Format: Book
Language:English
Published: Berkeley, CA : Institute of East Asian Studies, University of California, [1986]
Series:China research monographs ; v. 31.
Subjects:

MARC

Tag First Indicator Second Indicator Subfields
LEADER 00000cam a2200000 a 4500
001 in00000007926
005 20151002070056.0
008 860827s1986 cauab b 00010 eng d
010 |a  85082272  
020 |a 0912966858 
035 |a (OCoLC)14151214 
035 |9 AAA0269AM 
040 |a KUK  |c KUK  |d RCE  |d OCL  |d TXA  |d UtOrBLW 
050 4 |a HD9926.C62  |b E53 1986 
100 1 |a Eng, Robert Y.  |q (Robert Yeok-Yin) 
245 1 0 |a Economic imperialism in China :  |b silk production and exports, 1861-1932 /  |c Robert Y. Eng. 
264 1 |a Berkeley, CA :  |b Institute of East Asian Studies, University of California,  |c [1986] 
264 4 |c ©1986 
300 |a viii, 243 pages : b illustrations, maps ;  |c 23 cm. 
336 |a text  |b txt  |2 rdacontent 
337 |a unmediated  |b n  |2 rdamedia 
338 |a volume  |b nc  |2 rdacarrier 
490 1 |a China research monograph ;  |v v. 31 
504 |a Bibliography: pages [205]-243. 
650 0 |a Silk industry  |z China  |x History. 
650 0 |a Silk reeling. 
830 0 |a China research monographs ;  |v v. 31. 
999 |a MARS 
999 f f |s f0702474-f1d1-32c6-9943-e7cd2232f4f0  |i 89972883-0204-325d-b1f7-ff0643f6891a  |t 0 
952 f f |p ric  |a Texas A&M University  |b Rellis Campus  |c Joint Library Facility  |d Remote Storage  |t 0  |e HD9926.C62 E53 1986  |h Library of Congress classification  |i unmediated -- volume  |m A14810893062 
998 f f |a HD9926.C62 E53 1986  |t 0  |l Remote Storage